Citizenship in hard times (Record no. 3235)

MARC details
000 -LEADER
fixed length control field 00404nam a22001457a 4500
008 - FIXED-LENGTH DATA ELEMENTS--GENERAL INFORMATION
fixed length control field 250428b |||||||| |||| 00| 0 eng d
020 ## - INTERNATIONAL STANDARD BOOK NUMBER
ISBN 9781366666512333
100 ## - MAIN ENTRY--AUTHOR
Author Goodman Sara Walkce
245 ## - TITLE STATEMENT
Title Citizenship in hard times
260 ## - PUBLICATION, DISTRIBUTION, ETC. (IMPRINT)
Place of publication United Kingdom
Name of publisher Cambridge University Press
Date of publication 2022
300 ## - COLLATION
Pagination xiv,219p
650 ## - TRACINGS
Main Subject Citezenship United State History
942 ## - ADDED ENTRY ELEMENTS (KOHA)
Item type Books
050 ## - LIBRARY OF CONGRESS CALL NUMBER
Classification number JK1759
Item number .G66
Holdings
Source of classification or shelving scheme Not for loan Permanent location Current location Date acquired Accession No. Full call number Barcode. Koha item type
Library of Congress Classification   Samuel Ogbemudia Main Library, University of Abuja Samuel Ogbemudia Main Library, University of Abuja 04/28/2025 2024/64187 JK1759.G66 2025-1686 Books